00932nam a2200193Ia 4500008004100000020001500041041001200056082001600068100001700084245006300101260002500164300000800189650001600197942000700213999001500220952016100235952017100396952017100567221030s9999 xx 000 0 und d a0070473714 aEnglish a105.23bRog aD. F. Rogers 0aProcedural Elements For Computer Graphicscby D. F. Rogers bTMHaNew Delhic2001 a711 aBE Computer cBK c7659d7659 pBE 4427g295.00l0o105.23 Rogr2024-06-13 00:00:00w2022-10-30yBK003Print4071aMIETLIBbMIETLIBcBL-Second, FL-1, CUP-54, SH-5, R-5d2001-12-2210HBE pBE 4428g295.00l0o105.23 Rogr2024-06-13 00:00:00w2022-10-30yBK003Print4070aMIETLIBbMIETLIBcBL-Academic Block C, FL-2, CUP-37, SH-1, R-1d2001-12-2210HBE pBE 4429g295.00l0o105.23 Rogr2024-06-13 00:00:00w2022-10-30yBK003Print4070aMIETLIBbMIETLIBcBL-Academic Block C, FL-2, CUP-37, SH-1, R-1d2001-12-2210HBE